Statistics for The Hobbit and The Lord of The Rings film titles

Click here to take the quiz!

General Stats

  • This quiz has been taken 382 times
  • The average score is 5 of 6

Answer Stats

HintAnswer% Correct
Lord of The Rings - Film 2The Two Towers
92%
Lord of The Rings - Film 1The Fellowship of The Ring
87%
The Hobbit - Film 1An Unexpected Journey
84%
Lord of The Rings - Film 3The Return of The King
84%
The Hobbit - Film 2The Desolation of Smaug
81%
The Hobbit - Film 3The Battle of The Five Armies
77%

Score Distribution

Percentile by Number Answered

Percent of People with Each Score

Your Score History

You have not taken this quiz